[Rezension von: Anabel Thomas, Art and piety in the female religious communities of Renaissance Italy]

Gespeichert in:
Bibliographische Detailangaben
Veröffentlicht in:Kunstform 5(2004), 2
VerfasserIn: Pearson, Andrea G. (VerfasserIn)
Dokumenttyp: Online-Ressource Aufsatz
Sprache:English
Veröffentlicht: 2004
Schlagwörter:
Online Zugang:kostenfrei
Bibliogr. Hinweis:Enthalten in: Kunstform
Rezension von: Art and piety in the female religious communities of Renaissance Italy
Verantwortlich:rezensiert von Andrea Pearson
LEADER 01810caa a2200349 c 4500
001 191983074X
003 DE-627
005 20260419053330.0
007 cr uuu---uuuuu
008 250314s2004 xx |||||oo 00| ||eng c
035 |a (DE-627)191983074X 
035 |a (DE-599)KXP191983074X 
035 |a (OCoLC)1533757889 
040 |a DE-627  |b ger  |c DE-627  |e rda 
041 |a eng 
084 |a KUNST  |q DE-16  |2 fid 
100 1 |a Pearson, Andrea G.  |d 1961-  |e VerfasserIn  |0 (DE-588)132963310  |0 (DE-627)529191733  |0 (DE-576)299531430  |4 aut 
245 1 0 |a [Rezension von: Anabel Thomas, Art and piety in the female religious communities of Renaissance Italy]  |c rezensiert von Andrea Pearson 
264 1 |c 2004 
300 |b Illustrationen 
336 |a Text  |b txt  |2 rdacontent 
337 |a Computermedien  |b c  |2 rdamedia 
338 |a Online-Ressource  |b cr  |2 rdacarrier 
655 7 |a Rezension  |0 (DE-588)4049712-4  |0 (DE-627)106186019  |0 (DE-576)209083166  |2 gnd-content 
773 0 8 |i Enthalten in  |t Kunstform  |d München : Ludwig-Maximilians-Universität München, Institut für Kunstgeschichte, 2000  |g 5(2004), 2  |h Online-Ressource  |w (DE-627)382929004  |w (DE-600)2140180-9  |w (DE-576)281244731  |x 1618-7199  |7 nnas 
773 1 8 |g volume:5  |g year:2004  |g number:2 
787 0 8 |i Rezension von  |a Thomas, Anabel, 1945 -   |t Art and piety in the female religious communities of Renaissance Italy  |b 1. publ.  |d Cambridge [u.a.] : Cambridge Univ. Press, 2003  |h XXIV, 406 S.  |w (DE-627)1604413077  |w (DE-576)104124261  |z 0521811880 
856 4 0 |u https://www.arthistoricum.net/kunstform/rezension/ausgabe/2004/2/3806  |x Verlag  |z kostenfrei  |3 Volltext  |7 0 
951 |a AR 
994 |u https://www.arthistoricum.net/themen/rezensionen/kunstform/rezension/ausgabe/2004/2/3806 
991 |a Rezension (Monographie, Zeitschrift, Aufsatz) 
999 |a KXP-PPN191983074X  |e 4988400271